000 00577cam a2200205 4500500
005 20260405003642.0
041 _afre
042 _adc
100 1 0 _aOrtoli, Sven
_eauthor
245 0 0 _aTombe la neige
260 _c2023.
500 _a23
690 _aFroid
690 _aHartmut Rosa
690 _aHiver
690 _aNeige
690 _aRéchauffement climatique
786 0 _nPhilosophie magazine | 167 | 2 | 2023-03-01 | p. 15-15 | 1951-1787
856 4 1 _uhttps://shs.cairn.info/magazine-philosophie-magazine-2023-2-page-15?lang=fr&redirect-ssocas=7080
999 _c2069628
_d2069628